| Registos Bibliográficos associados ao registo de autoridade |
|
Etiqueta de registo: 00230cam 2200025 450 001 2152068 003 http://id.bnportugal.gov.pt/bib/catbnp/2152068 010 ## $a978-972-8497-89-7 021 ## $aPT$b517380/23 100 ## $a20231222d2023 m d0pory01030103ba 101 0# $apor 102 ## $aPT 105 ## $aa z 000yy 106 ## $ar 200 1# $aAmanhar a terra$earqueologia da agricultura (do Neolítico ao período medieval)$fcoord. Isabel Cristina Fernandes, Michelle Teixeira Santos, Miguel Filipe Correia 210 #9 $aPalmela$cMunicípio de Palmela,$d2023 215 ## $a336, [4] p.$cil.$d30 cm 675 ## $a902(46)"63/65"(042)$vBN$zpor$31901978 675 ## $a903/904(46)(042)$vBN$zpor$31286566 675 ## $a63(46)"63/65"(091)(042)$vBN$zpor$31901980 702 #1 $aFernandes,$bIsabel Cristina F.,$f1957-$4340$3267641 702 #1 $aSantos,$bMichelle Teixeira$4340$31409025 702 #1 $aCorreia,$bMiguel Filipe$4340$31901861 801 #0 $aPT$bBN$gRPC 856 41 $uhttp://rnod.bnportugal.gov.pt/ImagesBN/winlibimg.aspx?skey=&doc=2152068&img=187137&save=true 900 ## $aBIBNAC$d20240104 966 ## $lBN$mFGMON$sH.G. 86394 V.$x1 966 ## $lBN$mFGMON$sH.G. 86394 V.-D$x1 971 ## $ccsilva$d20231222 972 ## $e0$z0$d20240104$vasantos 973 ## $ctrodrigues$d20231227 975 ## $e0$d20240410$vevalente
Etiqueta de registo: 00254nam 2200025 450 001 2269328 003 http://id.bnportugal.gov.pt/bib/catbnp/2269328 010 ## $a978-972-8497-95-8 021 ## $aPT$b555321/25 100 ## $a20260220d2025 m d0pory01030103ba 101 0# $apor 102 ## $aPT 105 ## $aa z 000yy 106 ## $ar 200 1# $aFazer o lume, fazer a luz - arqueologia do fogo$fcoord. Isabel Cristina Fernandes, Michelle Teixeira Santos, Miguel Filipe Correia 210 #9 $aPalmela$cMunicípio de Palmela,$d2025 215 ## $a406, [5] p.$cil.$d30 cm 675 ## $a903/904(46)(042)$vBN$zpor$31286566 675 ## $a902.2(46)(042)$vBN$zpor$31355366 702 #1 $aFernandes,$bIsabel Cristina F.,$f1957-$4340$3267641 702 #1 $aSantos,$bMichelle Teixeira$4340$31409025 702 #1 $aCorreia,$bMiguel Filipe$4340$31901861 801 #0 $aPT$bBN$gRPC 856 41 $uhttp://rnod.bnportugal.gov.pt/ImagesBN/winlibimg.aspx?skey=&doc=2269328&img=219539&save=true 900 ## $aBIBNAC$d20260309 966 ## $lBN$mFGMON$sH.G. 88920 V.$x1 966 ## $lBN$mFGMON$sH.G. 88920 V.-D$x1 971 ## $ccsilva$d20260220 972 ## $e0$z0$d20260309$vasantos 973 ## $ctrodrigues$d20260224 975 ## $e0$d20260311$viquintas
|
|
|